| 000 | 00876nam a22002417a 4500 | ||
|---|---|---|---|
| 999 |
_c16724 _d16724 |
||
| 003 | AR-CdUCM | ||
| 008 | 190504b ||||| |||| 00| 0 spa d | ||
| 040 |
_aMUNICIPALIDAD PROVINCIAL DEL CUSCO _cBIBLIOTECA MUNICIPAL DEL CUSCO |
||
| 082 |
_a372.3 / _bH85 |
||
| 100 |
_aHubert, René _95360 |
||
| 245 |
_aEl desarrollo mental : _bEstudio de psicogenetica / |
||
| 260 |
_aBuenos Aires : _bKapelusz, _c1959. |
||
| 300 |
_a441 paginas ; _c22 cm. |
||
| 440 |
_aBiblioteca de ciencias de la educación _n6 _936326 |
||
| 500 | _aDesarrollo mental | ||
| 505 | _aContenido: psicogenetica -- Consideraciones preliminares -- desarrollo psiquico -- la infancia -- fase infantil... | ||
| 650 |
_aDesarrollo mental _936327 |
||
| 650 |
_aPsicogenetica _936328 |
||
| 650 |
_aInfancia _95236 |
||
| 700 |
_aCalcagno, Alfredo D. _936329 |
||
| 942 |
_2ddc _cLIBROS |
||
| 945 |
_apjha _d2019-05-04 |
||